Normal view
MARC view
- Berkeley, Gordon Spence
Entry Personal Name
001 - CONTROL NUMBER
- control field: 113884
003 - CONTROL NUMBER IDENTIFIER
- control field: NUST
005 - DATE AND TIME OF LATEST TRANSACTION
- control field: 20230802102041.0
008 - FIXED-LENGTH DATA ELEMENTS
- fixed length control field: 230802|| aca||aabn | a|a d
040 ## - CATALOGING SOURCE
- Original cataloging agency: NUST
- Transcribing agency: NUST
100 ## - HEADING--PERSONAL NAME
- Personal name: Berkeley, Gordon Spence
670 ## - SOURCE DATA FOUND
- Source citation: Work cat.: (NUST)183665: Berkeley, Gordon Spence, Traffic and trunking principles in automatic telephony / , 1934
